Лінгвістичні основи документознавства (Запис № 332310)

МАРК-запис
000 -LEADER
fixed length control field 00813nam a22002537a 4500
001 - CONTROL NUMBER
control field 46213
003 - CONTROL NUMBER IDENTIFIER
control field UA-OsUOA
005 - DATE AND TIME OF LATEST TRANSACTION
control field 20210621144259.0
007 - PHYSICAL DESCRIPTION FIXED FIELD--GENERAL INFORMATION
fixed length control field ta
008 - FIXED-LENGTH DATA ELEMENTS--GENERAL INFORMATION
fixed length control field 20070611b un ||||| |||| 00| 0 ukr d
020 ## - INTERNATIONAL STANDARD BOOK NUMBER
International Standard Book Number 9789663881317
040 ## - CATALOGING SOURCE
Original cataloging agency UA-OsUOA
Language of cataloging ukr
Transcribing agency UA-OsUOA
Modifying agency UA-OsUOA
041 ## - LANGUAGE CODE
Language code of text/sound track or separate title ukr
080 ## - UNIVERSAL DECIMAL CLASSIFICATION NUMBER
Universal Decimal Classification number 81"27:651.4/9
090 ## - LOCALLY ASSIGNED LC-TYPE CALL NUMBER (OCLC); LOCAL CALL NUMBER (OCLC)
Classification number (OCLC) (R) ; Classification number, CALL (RLIN) (NR) 81"27:651.4/9
Local cutter number (OCLC) ; Book number/undivided call number, CALL (RLIN) П36
100 ## - MAIN ENTRY--PERSONAL NAME
Personal name Пізнюк Л. В.
245 ## - TITLE STATEMENT
Title Лінгвістичні основи документознавства
Remainder of title навч. посіб.
260 ## - PUBLICATION, DISTRIBUTION, ETC. (IMPRINT)
Place of publication, distribution, etc К.
Name of publisher, distributor, etc У-т Україна
Date of publication, distribution, etc 2007
300 ## - PHYSICAL DESCRIPTION
Extent 355 с.
650 #7 - SUBJECT ADDED ENTRY--TOPICAL TERM
Topical term or geographic name as entry element 8 Мовознавство. Художня література. Літературознавство
Source of heading or term UDC
942 ## - ADDED ENTRY ELEMENTS (KOHA)
Koha item type Книги
Source of classification or shelving scheme Universal Decimal Classification
955 ## - COPY-LEVEL INFORMATION (RLIN)
Classification number, CCAL (RLIN) Навчальні видання
Фонди
Withdrawn status Lost status Source of classification or shelving scheme Damaged status Not for loan Home library Current library Date acquired Source of acquisition Cost, normal purchase price Inventory number Total Checkouts Barcode Date last seen Price effective from Koha item type
    Universal Decimal Classification     АБ - Абонемент НБ АБ - Абонемент НБ 13/06/2007 115/2007 28.35 105170   105170 24/12/2021 13/06/2007 Книги
    Universal Decimal Classification     АБ - Абонемент НБ АБ - Абонемент НБ 13/06/2007 115/2007 28.35 105171   105171 14/01/2022 13/06/2007 Книги
    Universal Decimal Classification     АБ - Абонемент НБ АБ - Абонемент НБ 13/06/2007 115/2007 28.35 105172   105172 24/12/2021 13/06/2007 Книги
    Universal Decimal Classification     ЧЗ - Читальна зала ЧЗ - Читальна зала 11/06/2007 112/2007 28.60 105115   105115 07/02/2022 11/06/2007 Книги
    Universal Decimal Classification     ЧЗ - Читальна зала ЧЗ - Читальна зала 11/06/2007 112/2007 28.60 105116   105116 07/02/2022 11/06/2007 Книги
    Universal Decimal Classification     ЧЗ - Читальна зала ЧЗ - Читальна зала 11/06/2007 112/2007 28.60 105117   105117 07/02/2022 11/06/2007 Книги
    Universal Decimal Classification     ЧЗ - Читальна зала ЧЗ - Читальна зала 11/06/2007 112/2007 28.60 105118   105118 07/02/2022 11/06/2007 Книги
    Universal Decimal Classification     ЧЗ - Читальна зала ЧЗ - Читальна зала 14/06/2007 116/2007 28.60 105259   105259 07/02/2022 14/06/2007 Книги